| 000 | 00850cam a22002415a 4500 | ||
|---|---|---|---|
| 001 | 7874316 | ||
| 005 | 20161011124826.0 | ||
| 008 | 060614s2007 enka frb 001 0 eng d | ||
| 020 | _a9781845113278 | ||
| 020 | _a1845113276 | ||
| 040 |
_aUKM _cUKM _dBAKER _dYDXCP _dYDX _dCUS _dBTCTA _dEG-ScBUE _beng |
||
| 082 | 0 | 4 |
_a302.230953 _222 _bARA |
| 245 | 0 | 0 |
_aArab media and political renewal : _bcommunity, legitimacy and public life / _cedited by Naomi Sakr. |
| 260 |
_aLondon ; _aNew York : _bI. B. Tauris, _c2007. |
||
| 300 |
_axv, 208 p. : _bill. ; _c22 cm. |
||
| 500 | _aIndex : p. 204-208. | ||
| 504 | _aBibliography : p. 195-203. | ||
| 650 | 0 |
_aMass media _zArabian Peninsula. _2BUEsh _941440 |
|
| 650 | 0 |
_aPress and politics _zArabian Peninsula. _2BUEsh _941441 |
|
| 653 |
_bBUSBOL _cOctober2016 |
||
| 700 | 1 |
_aSakr, Naomi, _eeditor. _938471 |
|
| 942 | _2ddc | ||
| 999 |
_c22512 _d22484 |
||